[Event "Oberliga Ost B"]
[Site "?"]
[Date "2022.04.02"]
[Round "10.8"]
[White "Helmsdorf, Marius"]
[Black "Novak, Volker"]
[Result "0-1"]
[WhiteElo "1616"]
[BlackElo "2066"]
[PlyCount "70"]
[EventDate "2021.10.10"]
[EventType "team-tourn"]
[EventCountry "GER"]
[WhiteTeam "Gera ESV"]
[BlackTeam "Homburg Bad SK"]
[WhiteTeamCountry "GER"]
[BlackTeamCountry "GER"]

1. d4 d5 2. Nc3 c6 3. Bf4 Nf6 4. e3 Bf5 5. f3 e6 6. g4 Bg6 7. h4 h5 8. g5 Ng8
9. Bd3 Bxd3 10. Qxd3 Bd6 11. Nge2 Ne7 12. O-O-O g6 13. Be5 Bxe5 14. dxe5 Nd7
15. f4 b5 16. Ng3 b4 17. Nce2 Nc5 18. Qd4 Qb6 19. e4 O-O-O 20. Kb1 dxe4 21. Qc4
Qb5 22. Qxb5 cxb5 23. Nd4 a6 24. Nb3 Nxb3 25. cxb3 Rxd1+ 26. Rxd1 Rd8 27. Rc1+
Kb7 28. Nxe4 Nf5 29. Re1 Rd4 30. Nd6+ Nxd6 31. exd6 Kc6 32. Rc1+ Kxd6 33. Rc8
Rxf4 34. Ra8 Rxh4 35. Rxa6+ Kc5 0-1

[Event "Oberliga Ost B"]
[Site "?"]
[Date "2022.04.02"]
[Round "10.1"]
[White "Di Capua, Francesco Stefano"]
[Black "Heinz, Axel"]
[Result "0-1"]
[WhiteElo "1954"]
[BlackElo "2438"]
[PlyCount "66"]
[EventDate "2021.10.10"]
[EventType "team-tourn"]
[EventCountry "GER"]
[WhiteTeam "Gernsheim SK"]
[BlackTeam "Oberursel SV"]
[WhiteTeamCountry "GER"]
[BlackTeamCountry "GER"]

1. e4 e5 2. Nf3 Nc6 3. Bb5 a6 4. Ba4 Nf6 5. O-O b5 6. Bb3 Bc5 7. c3 d6 8. d4
Bb6 9. a4 Rb8 10. h3 O-O 11. Be3 h6 12. Re1 Re8 13. d5 Bxe3 14. Rxe3 Ne7 15.
Nbd2 Bd7 16. axb5 axb5 17. Ne1 c5 18. dxc6 Nxc6 19. Nd3 Be6 20. Nf3 Qc7 21. Rc1
Bxb3 22. Qxb3 Rec8 23. Qd1 Rd8 24. Nd2 d5 25. Qe2 dxe4 26. Nxe4 Nxe4 27. Rxe4
f5 28. Re3 e4 29. Ne1 Ne7 30. c4 Nd5 31. Rb3 Nf4 32. Qf1 Rd2 33. g3 Ne2+ 0-1

[Event "Oberliga Ost B"]
[Site "?"]
[Date "2022.04.02"]
[Round "10.2"]
[White "Margolin, Boris"]
[Black "Neumann, Martin"]
[Result "1/2-1/2"]
[WhiteElo "2402"]
[BlackElo "2101"]
[PlyCount "95"]
[EventDate "2021.10.10"]
[EventType "team-tourn"]
[EventCountry "GER"]
[WhiteTeam "Oberursel SV"]
[BlackTeam "Gernsheim SK"]
[WhiteTeamCountry "GER"]
[BlackTeamCountry "GER"]

1. e4 e5 2. Nf3 Nc6 3. Bb5 Nf6 4. Nc3 Bc5 5. d3 d6 6. Na4 Bb6 7. Nxb6 axb6 8.
h3 h6 9. c3 O-O 10. O-O Re8 11. Re1 d5 12. d4 exd4 13. Nxd4 Bd7 14. Bxc6 bxc6
15. e5 Ne4 16. f3 Ng3 17. Qd2 c5 18. Ne2 Nxe2+ 19. Qxe2 d4 20. c4 Qh4 21. Qf2
Qxf2+ 22. Kxf2 Be6 23. Bd2 Bxc4 24. a3 Kf8 25. f4 Bd3 26. g4 f5 27. exf6 gxf6
28. f5 h5 29. Bf4 hxg4 30. hxg4 Rac8 31. Rxe8+ Rxe8 32. Bxc7 Re2+ 33. Kf3 Rxb2
34. Re1 Bc4 35. Bd8 Kg7 36. a4 Bd5+ 37. Kg3 Rg2+ 38. Kh3 Rb2 39. Kg3 d3 40.
Re7+ Bf7 41. Rd7 c4 42. Rd6 Ra2 43. Bxf6+ Kf8 44. g5 d2 45. Kf4 Bh5 46. Rd8+
Kf7 47. Rd7+ Ke8 48. Rd8+ 1/2-1/2

[Event "Oberliga Ost B"]
[Site "?"]
[Date "2022.04.02"]
[Round "10.3"]
[White "Hebbering, Tom Elliot"]
[Black "Dubiel, Jacek"]
[Result "1/2-1/2"]
[WhiteElo "2230"]
[BlackElo "2419"]
[PlyCount "38"]
[EventDate "2021.10.10"]
[EventType "team-tourn"]
[EventCountry "GER"]
[WhiteTeam "Gernsheim SK"]
[BlackTeam "Oberursel SV"]
[WhiteTeamCountry "GER"]
[BlackTeamCountry "GER"]

1. d4 Nf6 2. c4 e6 3. g3 d5 4. Nf3 dxc4 5. Bg2 a6 6. O-O Nc6 7. e3 Bd7 8. Qe2
b5 9. b3 cxb3 10. axb3 Bd6 11. Bb2 O-O 12. Rc1 Qe8 13. Nbd2 Ra7 14. Ne5 Nb4 15.
f4 Bc8 16. Nc6 Nxc6 17. Bxc6 Bd7 18. Bg2 Bb4 19. Nf3 a5 1/2-1/2

[Event "Oberliga Ost B"]
[Site "?"]
[Date "2022.04.02"]
[Round "10.4"]
[White "Stork, Oliver"]
[Black "Dietz, Holger"]
[Result "0-1"]
[WhiteElo "2313"]
[BlackElo "2293"]
[PlyCount "82"]
[EventDate "2021.10.10"]
[EventType "team-tourn"]
[EventCountry "GER"]
[WhiteTeam "Oberursel SV"]
[BlackTeam "Gernsheim SK"]
[WhiteTeamCountry "GER"]
[BlackTeamCountry "GER"]

1. c4 c6 2. Nf3 d5 3. e3 Nf6 4. Nc3 a6 5. d4 e6 6. b3 b5 7. Bd3 Nbd7 8. O-O Be7
9. Ne5 Nxe5 10. dxe5 Nd7 11. f4 dxc4 12. Be4 Bb7 13. Qg4 g6 14. bxc4 b4 15. Ne2
Qc7 16. Bb2 O-O-O 17. Qf3 Nc5 18. Bc2 Nd3 19. Bxd3 Rxd3 20. Ng3 Rhd8 21. Rfd1
c5 22. Qe2 Rxd1+ 23. Rxd1 Rxd1+ 24. Qxd1 Qc6 25. Qd2 h5 26. h3 h4 27. Nf1 Qe4
28. Qe2 a5 29. a3 Ba6 30. axb4 axb4 31. Qd1 Qxc4 32. Nh2 Qe2 33. Qc1 Bb7 34.
Nf3 Bxf3 35. gxf3 Qxf3 36. Qc4 Qg3+ 37. Kf1 Qxh3+ 38. Kf2 Qg3+ 39. Ke2 Qg2+ 40.
Ke1 Qd5 41. Qb5 h3 0-1

[Event "Oberliga Ost B"]
[Site "?"]
[Date "2022.04.02"]
[Round "10.6"]
[White "Schlamp, Robert"]
[Black "Rosenberger, Frank"]
[Result "1-0"]
[WhiteElo "2259"]
[BlackElo "2028"]
[PlyCount "93"]
[EventDate "2021.10.10"]
[EventType "team-tourn"]
[EventCountry "GER"]
[WhiteTeam "Oberursel SV"]
[BlackTeam "Gernsheim SK"]
[WhiteTeamCountry "GER"]
[BlackTeamCountry "GER"]

1. e4 e6 2. d3 d5 3. Nd2 Nf6 4. Ngf3 Bc5 5. e5 Nfd7 6. d4 Be7 7. Bd3 c5 8. O-O
b6 9. Re1 Ba6 10. c4 cxd4 11. Qa4 O-O 12. Qc2 h6 13. cxd5 Bxd3 14. Qxd3 Nc5 15.
Qxd4 Qxd5 16. Qxd5 exd5 17. Nf1 Nc6 18. Rd1 f6 19. Ne3 fxe5 20. Nxd5 Bf6 21.
Be3 e4 22. Nxf6+ Rxf6 23. Nd2 Re8 24. Rac1 Nb4 25. Bxc5 bxc5 26. Nf1 Nd3 27.
Rc2 g5 28. Re2 Nf4 29. Re3 Rfe6 30. Ng3 Rb6 31. Nxe4 Rf8 32. Rd2 c4 33. b3 Rfb8
34. g3 cxb3 35. axb3 Nh5 36. Rdd3 Ng7 37. Rf3 Rf8 38. Kg2 g4 39. Rxf8+ Kxf8 40.
Nc5 Rb4 41. Rd8+ Ne8 42. Ra8 Ke7 43. Rxa7+ Kd6 44. Nb7+ Kc6 45. Nd8+ Kd5 46.
Ra5+ Kd4 47. Nc6+ 1-0

[Event "Oberliga Ost B"]
[Site "?"]
[Date "2022.04.02"]
[Round "10.7"]
[White "Lukas, Anne"]
[Black "Chandler, Patrick"]
[Result "1/2-1/2"]
[WhiteElo "2033"]
[BlackElo "2151"]
[PlyCount "92"]
[EventDate "2021.10.10"]
[EventType "team-tourn"]
[EventCountry "GER"]
[WhiteTeam "Gernsheim SK"]
[BlackTeam "Oberursel SV"]
[WhiteTeamCountry "GER"]
[BlackTeamCountry "GER"]

1. Nf3 d5 2. g3 Nf6 3. Bg2 c6 4. d4 Bf5 5. c4 e6 6. O-O Nbd7 7. Nc3 h6 8. cxd5
exd5 9. a3 a5 10. b3 Bd6 11. Nh4 Bh7 12. Re1 O-O 13. e4 dxe4 14. Nxe4 Nxe4 15.
Bxe4 Bxe4 16. Rxe4 Nf6 17. Re1 Qd7 18. Qf3 Qg4 19. Qxg4 Nxg4 20. Nf5 Rfd8 21.
h3 Nf6 22. Nxd6 Rxd6 23. Re7 Rd7 24. Rxd7 Nxd7 25. a4 Nf8 26. Bb2 Ne6 27. Rd1
Rd8 28. Kf1 Rd5 29. Ke2 f6 30. Ke3 Kf7 31. Rc1 f5 32. h4 g6 33. Rc4 Ke8 34. b4
Kd7 35. bxa5 Rxa5 36. Bc3 Ra7 37. a5 Nc7 38. Bd2 Nd5+ 39. Kf3 h5 40. Rc1 b5 41.
axb6 Ra3+ 42. Be3 Rb3 43. Ra1 Rxb6 44. Ra7+ Ke6 45. Rg7 Kf6 46. Rd7 Ke6 1/2-1/2

[Event "Oberliga Ost B"]
[Site "?"]
[Date "2022.04.02"]
[Round "10.8"]
[White "Papadopoulos, Ioannis"]
[Black "Will, Jens"]
[Result "1/2-1/2"]
[WhiteElo "2072"]
[BlackElo "2075"]
[PlyCount "64"]
[EventDate "2021.10.10"]
[EventType "team-tourn"]
[EventCountry "GER"]
[WhiteTeam "Oberursel SV"]
[BlackTeam "Gernsheim SK"]
[WhiteTeamCountry "GER"]
[BlackTeamCountry "GER"]

1. e4 c6 2. d4 d5 3. Nd2 dxe4 4. Nxe4 Bf5 5. Ng3 Bg6 6. h4 h6 7. Nf3 Nf6 8. Ne5
Bh7 9. Bd3 Bxd3 10. Qxd3 e6 11. Bd2 Nbd7 12. f4 Qb6 13. O-O-O Bd6 14. Nxd7 Nxd7
15. f5 e5 16. Ne4 Bc7 17. Be3 O-O-O 18. d5 Qa5 19. Qb3 Qa6 20. d6 Bb6 21. Bxb6
Qxb6 22. Qxf7 Qe3+ 23. Nd2 Rhf8 24. Qh5 Nf6 25. Qf3 Qxf3 26. Nxf3 Ng4 27. Rhe1
Rxf5 28. Rd2 Rf6 29. Nxe5 Nxe5 30. Rxe5 Rf1+ 31. Rd1 Rxd1+ 32. Kxd1 Rxd6+
1/2-1/2

[Event "Oberliga Ost B"]
[Site "?"]
[Date "2022.04.02"]
[Round "10.1"]
[White "Kunin, Vitaly"]
[Black "Humburg, Philipp"]
[Result "1-0"]
[WhiteElo "2547"]
[BlackElo "2280"]
[PlyCount "87"]
[EventDate "2021.10.10"]
[EventType "team-tourn"]
[EventCountry "GER"]
[WhiteTeam "Moerlenbach Birkenau Freibauer"]
[BlackTeam "Marburg SK"]
[WhiteTeamCountry "GER"]
[BlackTeamCountry "GER"]

1. d4 Nf6 2. c4 e6 3. Nf3 d5 4. Nc3 Be7 5. Qc2 O-O 6. Bg5 h6 7. Bxf6 Bxf6 8.
O-O-O c5 9. dxc5 Qa5 10. cxd5 Qxc5 11. Ne4 Qxc2+ 12. Kxc2 exd5 13. Nxf6+ gxf6
14. Nd4 Nc6 15. e3 Be6 16. Bd3 Rac8 17. Kd2 Nxd4 18. exd4 Rc6 19. Rc1 Rb6 20.
b3 Rb4 21. g3 Rxd4 22. Kc3 Rg4 23. f4 Kh8 24. Kd4 Rgg8 25. Rc7 Bc8 26. Re1 h5
27. Ree7 Kg7 28. Be2 Kg6 29. Bf3 Rg7 30. Bxd5 h4 31. Ke3 Kh6 32. gxh4 Kh5 33.
Bxf7+ Kxh4 34. Bd5 Rxe7+ 35. Rxe7 Kh3 36. Bxb7 Kxh2 37. Kf2 Kh3 38. Bf3 Rh8 39.
Re1 Kh4 40. Rh1+ Bh3 41. Bg2 Kg4 42. Rxh3 Rxh3 43. Bxh3+ Kxh3 44. Kf3 1-0

[Event "Oberliga Ost B"]
[Site "?"]
[Date "2022.04.02"]
[Round "10.2"]
[White "Rolle, Eric"]
[Black "Galdunts, Sergey"]
[Result "0-1"]
[WhiteElo "2146"]
[BlackElo "2413"]
[PlyCount "106"]
[EventDate "2021.10.10"]
[EventType "team-tourn"]
[EventCountry "GER"]
[WhiteTeam "Marburg SK"]
[BlackTeam "Moerlenbach Birkenau Freibauer"]
[WhiteTeamCountry "GER"]
[BlackTeamCountry "GER"]

1. c4 f5 2. Nc3 Nf6 3. g3 g6 4. Bg2 Bg7 5. d3 O-O 6. e4 d6 7. Nge2 fxe4 8. Nxe4
Nxe4 9. dxe4 Nc6 10. Rb1 e5 11. O-O Bg4 12. Qd5+ Rf7 13. f3 Bc8 14. b4 Qe8 15.
Qd3 Be6 16. Be3 Rd7 17. a3 a6 18. Rbc1 Kh8 19. f4 exf4 20. gxf4 Qg8 21. h3 Re8
22. Bd2 g5 23. b5 axb5 24. cxb5 Nd8 25. f5 Ba2 26. Rc2 Be5 27. a4 Bb3 28. Rc3
Bf7 29. a5 h6 30. a6 bxa6 31. bxa6 c6 32. Rcc1 Ra7 33. Ba5 c5 34. Bb6 Ra8 35.
Qb5 Re7 36. a7 Be8 37. Qa6 Nc6 38. f6 Rf7 39. Nc3 Nxa7 40. Rf5 Bd7 41. Rxe5 Nb5
42. Qb7 dxe5 43. Nxb5 Rb8 44. Qc7 Bxb5 45. Qxc5 Qe8 46. Rb1 Qc6 47. Qxb5 Qxb5
48. Rxb5 Rxf6 49. Rxe5 Rbxb6 50. Rc5 Rb1+ 51. Kh2 Rf2 52. Kg3 Rd2 53. Bf3 Rg1+
0-1

[Event "Oberliga Ost B"]
[Site "?"]
[Date "2022.04.02"]
[Round "10.3"]
[White "Legde, Georg"]
[Black "Alber, Horst"]
[Result "1-0"]
[WhiteElo "2319"]
[BlackElo "2268"]
[PlyCount "95"]
[EventDate "2021.10.10"]
[EventType "team-tourn"]
[EventCountry "GER"]
[WhiteTeam "Moerlenbach Birkenau Freibauer"]
[BlackTeam "Marburg SK"]
[WhiteTeamCountry "GER"]
[BlackTeamCountry "GER"]

1. d4 g6 2. c4 Bg7 3. Nf3 Nf6 4. Nc3 d6 5. e4 O-O 6. Be2 e5 7. O-O Nc6 8. d5
Ne7 9. b4 Nh5 10. g3 f5 11. Ng5 Nf6 12. Bf3 c6 13. Bg2 cxd5 14. cxd5 h6 15. Ne6
Bxe6 16. dxe6 fxe4 17. b5 a6 18. Ba3 axb5 19. Bxd6 Ra6 20. Bb4 Qxd1 21. Rfxd1
Re8 22. Nxe4 Nc6 23. Bc3 Nd4 24. Bxd4 exd4 25. Nxf6+ Bxf6 26. Bxb7 Rd6 27. Rab1
Rexe6 28. Rxb5 Kf8 29. a4 Re2 30. Bd5 Ke7 31. Rd3 Re5 32. Bc4 Re1+ 33. Kg2 Rc1
34. Rb7+ Rd7 35. Rxd7+ Kxd7 36. Bb5+ Kd6 37. Kf3 Kc5 38. Be8 g5 39. Kg4 Rc2 40.
Rf3 Bd8 41. Bb5 Rc1 42. Rf8 Bc7 43. Rf6 Bd6 44. Rxh6 Rc3 45. Rf6 Be7 46. Rf7
Kd6 47. Rf3 Ke5 48. a5 1-0

[Event "Oberliga Ost B"]
[Site "?"]
[Date "2022.04.02"]
[Round "10.4"]
[White "Dorst, Johannes"]
[Black "Felgendreher, Heiko"]
[Result "1-0"]
[WhiteElo "2235"]
[BlackElo "2194"]
[PlyCount "135"]
[EventDate "2021.10.10"]
[EventType "team-tourn"]
[EventCountry "GER"]
[WhiteTeam "Marburg SK"]
[BlackTeam "Moerlenbach Birkenau Freibauer"]
[WhiteTeamCountry "GER"]
[BlackTeamCountry "GER"]

1. e4 c5 2. Nc3 Nc6 3. Nf3 Nf6 4. Bb5 Qc7 5. O-O Nd4 6. Re1 a6 7. Bf1 Ng4 8. g3
Nxf3+ 9. Qxf3 Ne5 10. Qe2 d6 11. Bg2 e6 12. b3 Be7 13. Bb2 O-O 14. Nd1 b5 15.
f4 Nc6 16. Ne3 Bb7 17. Qg4 Nd4 18. c3 Nc6 19. d4 Rfe8 20. Rad1 Bf8 21. d5 Nd8
22. dxe6 fxe6 23. c4 Nf7 24. Rd2 bxc4 25. Nxc4 d5 26. exd5 exd5 27. Rxe8 Rxe8
28. Bxd5 Bxd5 29. Rxd5 Re1+ 30. Kf2 Rh1 31. Kg2 Re1 32. Qd7 Qb8 33. Rd2 Qa8+
34. Qd5 Re2+ 35. Kg1 Qxd5 36. Rxd5 Nd6 37. Rd2 Rxd2 38. Nxd2 Kf7 39. Nf3 Be7
40. Kf2 g6 41. Ke3 Ke6 42. Kd3 Kd5 43. Nd2 g5 44. Nc4 gxf4 45. gxf4 Nf7 46.
Ne3+ Ke6 47. f5+ Kd7 48. Ke4 Bd6 49. h4 Bg3 50. h5 Kc6 51. f6 Nd6+ 52. Kf3 Be1
53. Nc4 Nf7 54. Ke4 Nd8 55. Kf5 Bf2 56. Ne5+ Kd6 57. Nf3 Be3 58. Be5+ Kd5 59.
Bf4 Bxf4 60. Kxf4 Ke6 61. Ng5+ Kxf6 62. Nxh7+ Kg7 63. Ng5 Kh6 64. Ne4 Kxh5 65.
Nxc5 a5 66. Ke5 Nc6+ 67. Kd6 Nb4 68. a4 1-0

[Event "Oberliga Ost B"]
[Site "?"]
[Date "2022.04.02"]
[Round "10.5"]
[White "Dittmar, Peter"]
[Black "Henrich, Thomas"]
[Result "1-0"]
[WhiteElo "2230"]
[BlackElo "2151"]
[PlyCount "73"]
[EventDate "2021.10.10"]
[EventType "team-tourn"]
[EventCountry "GER"]
[WhiteTeam "Moerlenbach Birkenau Freibauer"]
[BlackTeam "Marburg SK"]
[WhiteTeamCountry "GER"]
[BlackTeamCountry "GER"]

1. c4 e6 2. g3 c5 3. Bg2 Nf6 4. Nf3 Nc6 5. O-O d5 6. cxd5 exd5 7. d4 Be7 8. Nc3
O-O 9. dxc5 Bxc5 10. Bg5 d4 11. Bxf6 Qxf6 12. Nd5 Qd8 13. Nd2 Re8 14. Rc1 Bf8
15. Nb3 Bg4 16. Re1 g6 17. Nxd4 Bg7 18. Nxc6 bxc6 19. Rxc6 Qa5 20. h3 Be6 21.
b4 Qxa2 22. Nc7 Rad8 23. Nxe8 Rxd1 24. Rxd1 Qxe2 25. Rd8 Bf8 26. Nc7 Qe1+ 27.
Kh2 Bb3 28. Na6 Qxf2 29. Nc5 Kg7 30. Nxb3 Bxb4 31. Rd3 h5 32. Rf3 Qe1 33. Rc7
h4 34. Rfxf7+ Kg8 35. Rg7+ Kf8 36. Rcf7+ Ke8 37. Bc6+ 1-0

[Event "Oberliga Ost B"]
[Site "?"]
[Date "2022.04.02"]
[Round "10.6"]
[White "Duncker, Joachim"]
[Black "Wohlfart, Paulus"]
[Result "1-0"]
[WhiteElo "2180"]
[BlackElo "2109"]
[PlyCount "113"]
[EventDate "2021.10.10"]
[EventType "team-tourn"]
[EventCountry "GER"]
[WhiteTeam "Marburg SK"]
[BlackTeam "Moerlenbach Birkenau Freibauer"]
[WhiteTeamCountry "GER"]
[BlackTeamCountry "GER"]

1. e4 e5 2. Nf3 Nf6 3. Nc3 Nc6 4. d4 exd4 5. Nd5 Be7 6. Bd3 O-O 7. O-O d6 8. h3
Be6 9. Nf4 d5 10. Ng5 Qd7 11. exd5 Bxd5 12. Nxh7 Nxh7 13. Bxh7+ Kxh7 14. Qh5+
Kg8 15. Nxd5 Rae8 16. Bd2 Bd8 17. Rae1 Rxe1 18. Rxe1 Re8 19. Rxe8+ Qxe8 20. Qf3
Qe6 21. Kf1 Ne7 22. Nxe7+ Bxe7 23. Qe2 Qd7 24. a4 Bf6 25. Qb5 c6 26. Qd3 Qe6
27. b3 Qd5 28. f3 a6 29. Qe4 Qc5 30. Qe8+ Kh7 31. Qxf7 Qxc2 32. Qh5+ Kg8 33.
Qe8+ Kh7 34. Qe4+ Qxe4 35. fxe4 d3 36. Bf4 Bc3 37. Kf2 Bd4+ 38. Ke1 Bc3+ 39.
Kf2 Bd4+ 40. Kf3 Kg6 41. Be3 Bc3 42. Bc5 Kf6 43. Bf8 Kf7 44. Bc5 Ke6 45. Bf8 b5
46. Ke3 d2 47. Ke2 b4 48. h4 Kf7 49. Bd6 Kg6 50. g4 a5 51. Bf4 Bf6 52. h5+ Kf7
53. Kxd2 Bd8 54. Be5 g6 55. Kd3 gxh5 56. gxh5 Ke6 57. Bg7 1-0

[Event "Oberliga Ost B"]
[Site "?"]
[Date "2022.04.02"]
[Round "10.7"]
[White "Schaefer, Michael"]
[Black "Neidhardt, Helge"]
[Result "1-0"]
[WhiteElo "2149"]
[BlackElo "2014"]
[PlyCount "87"]
[EventDate "2021.10.10"]
[EventType "team-tourn"]
[EventCountry "GER"]
[WhiteTeam "Moerlenbach Birkenau Freibauer"]
[BlackTeam "Marburg SK"]
[WhiteTeamCountry "GER"]
[BlackTeamCountry "GER"]

1. c4 e5 2. g3 Nc6 3. Bg2 Bc5 4. Nc3 Nf6 5. e3 d6 6. Nge2 h5 7. d4 Bb6 8. h3
Bd7 9. a3 a5 10. Na4 Ba7 11. c5 O-O 12. Bd2 exd4 13. exd4 Qe8 14. O-O Nxd4 15.
Nxd4 Bxa4 16. Qf3 dxc5 17. Nf5 Bc6 18. Qf4 Nh7 19. Bxc6 bxc6 20. Rfe1 Qd8 21.
Bc3 Qg5 22. Qf3 f6 23. Re7 Rf7 24. Qxc6 Raf8 25. Qe6 g6 26. Ne3 h4 27. g4 Qf4
28. Rxf7 Rxf7 29. Ng2 Qf3 30. Qe3 Qxe3 31. Nxe3 Rd7 32. Bxa5 Ng5 33. Kg2 Kf7
34. Re1 Rd3 35. Re2 c6 36. Bc7 Ne6 37. Bh2 Nd4 38. Re1 Rd2 39. Nc4 Rc2 40. Nd6+
Kf8 41. Re8+ Kg7 42. Re7+ Kg8 43. Rxa7 Rxb2 44. Ne4 1-0

[Event "Oberliga Ost B"]
[Site "?"]
[Date "2022.04.02"]
[Round "10.8"]
[White "Nekhamkis, Genadi"]
[Black "Wrede, Michael"]
[Result "0-1"]
[WhiteElo "2099"]
[BlackElo "2140"]
[PlyCount "58"]
[EventDate "2021.10.10"]
[EventType "team-tourn"]
[EventCountry "GER"]
[WhiteTeam "Marburg SK"]
[BlackTeam "Moerlenbach Birkenau Freibauer"]
[WhiteTeamCountry "GER"]
[BlackTeamCountry "GER"]

1. e4 e6 2. d4 d5 3. e5 c5 4. c3 Nc6 5. Nf3 Nge7 6. Bd3 cxd4 7. cxd4 Nf5 8.
Bxf5 exf5 9. Nc3 Be6 10. O-O Be7 11. a3 a6 12. b4 O-O 13. Ne2 b5 14. Qd3 Qd7
15. h4 a5 16. bxa5 Nxa5 17. Bg5 Nc4 18. Bxe7 Qxe7 19. Rfb1 Nxa3 20. Rb3 b4 21.
Nf4 Nc4 22. Qb1 Ra3 23. Rbxa3 bxa3 24. g3 Qa7 25. Qd3 Qa5 26. Ne1 Rb8 27. Ne2
h6 28. Nc2 a2 29. Nc3 Rb3 0-1

[Event "Oberliga Ost B"]
[Site "?"]
[Date "2022.04.02"]
[Round "10.1"]
[White "Konopka, Michal"]
[Black "Siebarth, Raiko"]
[Result "1/2-1/2"]
[WhiteElo "2379"]
[BlackElo "2331"]
[PlyCount "117"]
[EventDate "2021.10.10"]
[EventType "team-tourn"]
[EventCountry "GER"]
[WhiteTeam "Schoeneck SF"]
[BlackTeam "Stadtilm SG BW"]
[WhiteTeamCountry "GER"]
[BlackTeamCountry "GER"]

1. Nf3 c5 2. c4 Nc6 3. Nc3 g6 4. e3 Bg7 5. d4 cxd4 6. exd4 d6 7. d5 Nb8 8. h3
Nf6 9. Be2 O-O 10. O-O Na6 11. Be3 Bd7 12. Rc1 Re8 13. Re1 e6 14. dxe6 Bxe6 15.
Nd4 Re7 16. Nxe6 fxe6 17. Bf3 Nc7 18. Bxb7 Rb8 19. c5 Rxb7 20. cxd6 Rd7 21.
dxc7 Rbxc7 22. Qe2 h6 23. Bf4 Rc6 24. Nb5 Rxc1 25. Qxe6+ Kh7 26. Bxc1 Nd5 27.
Rd1 Re7 28. Qc6 Nb4 29. Rxd8 Re1+ 30. Kh2 Nxc6 31. Bd2 Re2 32. Rd7 Ne5 33. Rd5
Nc4 34. Bc3 Bxc3 35. Nxc3 Rxb2 36. Rc5 Nd2 37. Rc7+ Kg8 38. Rxa7 Rc2 39. Rd7 h5
40. h4 Nf3+ 41. gxf3 Rxc3 42. Kg3 Ra3 43. Rd2 Kg7 44. Kf4 Ra4+ 45. Kg5 Ra5+ 46.
Kf4 Ra4+ 47. Ke5 Rxh4 48. f4 Rh3 49. f5 gxf5 50. Kxf5 Ra3 51. f4 Ra5+ 52. Ke6
Ra6+ 53. Ke5 Ra5+ 54. Ke6 Ra6+ 55. Kd5 Kf6 56. Rh2 Ra4 57. Kc5 h4 58. Rxh4 Rxa2
59. Kd4 1/2-1/2

[Event "Oberliga Ost B"]
[Site "?"]
[Date "2022.04.02"]
[Round "10.2"]
[White "Schneider, Christian"]
[Black "Heinatz, Thomas"]
[Result "0-1"]
[WhiteElo "2229"]
[BlackElo "2307"]
[PlyCount "46"]
[EventDate "2021.10.10"]
[EventType "team-tourn"]
[EventCountry "GER"]
[WhiteTeam "Stadtilm SG BW"]
[BlackTeam "Schoeneck SF"]
[WhiteTeamCountry "GER"]
[BlackTeamCountry "GER"]

1. c4 g6 2. g3 Bg7 3. Bg2 e5 4. Nc3 d6 5. e3 h5 6. h4 Nh6 7. Nf3 O-O 8. O-O Nc6
9. d3 Bg4 10. Qc2 Qd7 11. Nd5 Nd8 12. Nh2 Be6 13. b4 c6 14. Nc3 Bh3 15. b5 Bxg2
16. Kxg2 Ne6 17. bxc6 bxc6 18. Rb1 f5 19. Nf3 f4 20. Ne4 Nf5 21. Qb3 Rac8 22.
Neg5 Nxg5 23. Nxg5 fxg3 0-1

[Event "Oberliga Ost B"]
[Site "?"]
[Date "2022.04.02"]
[Round "10.3"]
[White "Nazarenus, Moritz"]
[Black "Dittrich, Tom"]
[Result "1-0"]
[WhiteElo "2232"]
[BlackElo "1975"]
[PlyCount "57"]
[EventDate "2021.10.10"]
[EventType "team-tourn"]
[EventCountry "GER"]
[WhiteTeam "Schoeneck SF"]
[BlackTeam "Stadtilm SG BW"]
[WhiteTeamCountry "GER"]
[BlackTeamCountry "GER"]

1. d4 Nf6 2. c4 g6 3. Nc3 Bg7 4. e4 d6 5. f3 O-O 6. Be3 a6 7. Qd2 Nbd7 8. Nh3
c5 9. d5 b5 10. Nf2 bxc4 11. Bxc4 Nb6 12. Be2 e6 13. dxe6 Bxe6 14. Rd1 Ne8 15.
Bxc5 dxc5 16. Qxd8 Rxd8 17. Rxd8 Nc7 18. Rxf8+ Kxf8 19. Nfd1 Nc4 20. Bxc4 Bxc4
21. Ne3 Be6 22. Ned5 Ne8 23. Ke2 Nd6 24. Rc1 f5 25. b3 Bd4 26. Kd3 Nf7 27. Ne2
Ne5+ 28. Kd2 Bb2 29. Rxc5 1-0

[Event "Oberliga Ost B"]
[Site "?"]
[Date "2022.04.02"]
[Round "10.4"]
[White "Siebarth, Marco"]
[Black "Meyer, Kai Christian"]
[Result "1-0"]
[WhiteElo "2019"]
[BlackElo "2230"]
[PlyCount "83"]
[EventDate "2021.10.10"]
[EventType "team-tourn"]
[EventCountry "GER"]
[WhiteTeam "Stadtilm SG BW"]
[BlackTeam "Schoeneck SF"]
[WhiteTeamCountry "GER"]
[BlackTeamCountry "GER"]

1. e4 e5 2. Nf3 Nc6 3. Bb5 a6 4. Bxc6 dxc6 5. O-O f6 6. d4 exd4 7. Nxd4 c5 8.
Ne2 Qxd1 9. Rxd1 Bd7 10. Bf4 O-O-O 11. Nbc3 g5 12. Bg3 Ne7 13. a4 Bg7 14. Rd2
f5 15. f3 Bc6 16. Rad1 Rxd2 17. Rxd2 Rd8 18. Rxd8+ Kxd8 19. b3 b5 20. axb5 axb5
21. Bf2 b4 22. Nd5 Bxd5 23. exd5 Nxd5 24. Bxc5 Kd7 25. Nc1 Kc6 26. Nd3 Bc3 27.
Kf2 Kb5 28. Ke2 c6 29. Bd6 Bd4 30. Be5 Bg1 31. Nb2 c5 32. Nc4 Kc6 33. h3 h5 34.
g4 fxg4 35. fxg4 h4 36. Kf3 Bd4 37. Bxd4 cxd4 38. Ne5+ Kd6 39. Nf7+ Ke7 40.
Nxg5 Ne3 41. Ke4 Nxc2 42. Nf3 1-0

[Event "Oberliga Ost B"]
[Site "?"]
[Date "2022.04.02"]
[Round "10.5"]
[White "Kirchner, Markus"]
[Black "Mehlhorn, Uwe"]
[Result "1/2-1/2"]
[WhiteElo "1963"]
[BlackElo "2033"]
[PlyCount "101"]
[EventDate "2021.10.10"]
[EventType "team-tourn"]
[EventCountry "GER"]
[WhiteTeam "Schoeneck SF"]
[BlackTeam "Stadtilm SG BW"]
[WhiteTeamCountry "GER"]
[BlackTeamCountry "GER"]

1. e4 c6 2. Nc3 d5 3. Nf3 dxe4 4. Nxe4 Nf6 5. Qe2 Nxe4 6. Qxe4 Nd7 7. d4 Nf6 8.
Qf4 e6 9. Bd3 Bd6 10. Ne5 O-O 11. O-O Nd7 12. Qe4 f5 13. Qe2 Nxe5 14. dxe5 Be7
15. Be3 Qc7 16. f4 Bd7 17. Qf2 b6 18. Rfd1 Be8 19. a4 Bh5 20. Rd2 Rab8 21. Bc4
Bf7 22. c3 Rfd8 23. b4 Rxd2 24. Qxd2 Rd8 25. Qe2 h6 26. Qa2 Qc8 27. Qe2 Kh7 28.
Bb3 c5 29. b5 Qc7 30. Bc4 Qb7 31. a5 Qd7 32. axb6 axb6 33. Ra6 Rb8 34. Kf2 Bd8
35. Qa2 Bc7 36. Ra7 Rc8 37. Be2 Qe8 38. Qa6 Qd8 39. g3 Rb8 40. c4 Be8 41. Qa2
Kg8 42. Ra3 Kf8 43. Rd3 Ra8 44. Qc2 Qb8 45. Qb2 Ra4 46. Ra3 Qa7 47. Bc1 Rxa3
48. Qxa3 Qxa3 49. Bxa3 g5 50. Bc1 g4 51. Bf1 1/2-1/2

[Event "Oberliga Ost B"]
[Site "?"]
[Date "2022.04.02"]
[Round "10.7"]
[White "Mueller, Achim"]
[Black "Schroeter, Maik"]
[Result "1/2-1/2"]
[WhiteElo "2101"]
[BlackElo "1947"]
[PlyCount "106"]
[EventDate "2021.10.10"]
[EventType "team-tourn"]
[EventCountry "GER"]
[WhiteTeam "Schoeneck SF"]
[BlackTeam "Stadtilm SG BW"]
[WhiteTeamCountry "GER"]
[BlackTeamCountry "GER"]

1. e4 c5 2. Nf3 d6 3. d4 cxd4 4. Nxd4 Nf6 5. Nc3 a6 6. Be3 e5 7. Nb3 Be6 8. f3
Be7 9. Qd2 O-O 10. O-O-O Nbd7 11. g4 Qc7 12. g5 Nh5 13. Kb1 b5 14. Ne2 Rfc8 15.
Rc1 Nb6 16. Ng3 g6 17. Nxh5 gxh5 18. Bxb6 Qxb6 19. f4 a5 20. f5 Bd7 21. Qg2 a4
22. Nd2 a3 23. bxa3 Rxa3 24. Nb3 Rca8 25. g6 fxg6 26. fxg6 h6 27. Qd2 Kg7 28.
Qd5 Rf8 29. Be2 Qc6 30. Qd3 Raa8 31. Rcf1 Qa6 32. h4 Qxa2+ 33. Kc1 Be6 34. Rxf8
Rxf8 35. Qxb5 Rf4 36. Qb7 Bxb3 37. cxb3 Qa1+ 38. Kd2 Qa2+ 39. Kd3 Kf6 40. g7
Rf2 41. g8=N+ Kg7 42. Qxe7+ Kh8 43. Qf6+ Rxf6 44. Nxf6 Qa6+ 45. Kd2 Qa2+ 46.
Ke1 Qa1+ 47. Bd1 Qc3+ 48. Ke2 Qb2+ 49. Kf3 Qc3+ 50. Ke2 Qb2+ 51. Kd3 Qd4+ 52.
Ke2 Qb2+ 53. Kd3 Qd4+ 1/2-1/2